000 00837nam a22002537a 4500
005 20170123162349.0
010 _aB-208950
020 _c200.00
_a8188912182
035 _aB-208950
037 _bCen Lib/Ret
040 _aDPL
_bUR
082 _a841.08
_bع ب د
100 _aعبد الله
_9140666
245 _aولی سے اقبال تک /
_cعبد الله
246 _aWali se Iqbal tak /
_bby Abdullah
260 _aدہلی
_bبک کارپوریشن
_c2007
270 _bدہلی
_a٣١٩١، کچہ پنڈت لعل کوان
_e110006
300 _a304p.
_c21cm(Hb)
650 _aادب -- اردو
_9140667
650 _a اردو شاعری کی تنقید
_9107863
650 _aUrdu literature
_9140668
650 _aUrdu poetry criticism
_9107865
942 _2ddc
_cUR
_h841.08
_mع ب د
999 _c109118
_d109118